000 00338nam a2200121Ia 4500
008 190722s9999 xx 000 0 und d
020 _a978-81-203-4007-7
100 _aCormen, Leiserson, Rivest, Stein
245 0 _aIntroduction to Algorithms
260 _aNew Delhi
_bMIT Press (PHI Learning) Pvt. Ltd.
_c2009
300 _a1292
942 _cBK
999 _c337
_d337